Financie a riziko zborník príspevkov z XII. ročníka medzinárodnej vedeckej konferencie : Veľký Meder 29.-30. novembra 2010

Gespeichert in:
Bibliographische Detailangaben
Körperschaften: Financie a riziko. Medzinárodná vedecká konferencia, Národohospodárska fakulta EU. Katedra financií, Slovenská obchodná a priemyselná komora
Weitere Verfasser: Sivák, Rudolf, 1955-, Ochotnický, Pavol
Format: Buch
Sprache:Slowakisch
Englisch
Veröffentlicht: Bratislava Vydavateľstvo EKONÓM 2010
Schlagworte:
Tags: Tag hinzufügen
Keine Tags, Fügen Sie das erste Tag hinzu!

MARC

LEADER 00000nam$a2200000$$$4500
001 0124444
005 20240104121514.6
020 |a 978-80-225-3089-7 
041 0 |a slo 
041 0 |a eng 
044 |a SK 
245 1 0 |a Financie a riziko  |b zborník príspevkov z XII. ročníka medzinárodnej vedeckej konferencie : Veľký Meder 29.-30. novembra 2010 
264 1 |a Bratislava  |b Vydavateľstvo EKONÓM  |c 2010 
300 |a 472 s. 
610 2 0 |a financie 
610 2 0 |a riziko 
610 2 0 |a kríza finančná 
610 2 0 |a bankovníctvo 
610 2 0 |a banky 
610 2 0 |a dane 
610 2 0 |a politika fiškálna 
700 1 |a Sivák, Rudolf, 1955- 
700 1 |a Ochotnický, Pavol 
110 2 |a Financie a riziko. Medzinárodná vedecká konferencia 
710 2 |a Národohospodárska fakulta EU. Katedra financií 
710 2 |a Slovenská obchodná a priemyselná komora